000 00424cam a2200181ua 4500
020 _c8.00
041 _aeng
_h
082 _a581
_bDUT/CL
100 _aDutta, A C .
245 _aClass book of botany /
_cA C Dutta.
_hTextual Documents
250 _a1 /
_b.
260 _aLondon :
_bOxford University Press ,
_c1965.
300 _a414 ; .
365 _a8.00
504 _a
942 _cBK
999 _c9347
_d9347